000
00228nam a2200121Ia 4500
100
_a
#N/A
942
_c
BK
245
_a
Principles of computer security
260
_b
#N/A
082
_b
22017
546
_a
ENGLISH
999
_c
18371
_d
18371